Länder i Amerika på svenska + karta - Statistics

General Stats
  • This quiz has been taken 30 times
  • The average score is 19 of 35
Answers on the Map
Answers color-coded by a green-red scale on the quiz's map according to % correct below.
 
Answer Stats
Country % Correct
Kanada
100%
USA
100%
Peru
80%
Argentina
60%
Belize
60%
Bolivia
60%
Brasilien
60%
Chile
60%
Dominica
60%
Ecuador
60%
El Salvador
60%
Guatemala
60%
Guyana
60%
Haiti
60%
Honduras
60%
Mexiko
60%
Nicaragua
60%
Panama
60%
Surinam
60%
Antigua och Barbuda
40%
Bahamas
40%
Barbados
40%
Colombia
40%
Costa Rica
40%
Dominikanska Republiken
40%
Grenada
40%
Jamaica
40%
Kuba
40%
Paraguay
40%
S:t Kitts & Nevis
40%
S:t Lucia
40%
S:t Vincent & Grenadinerna
40%
Uruguay
40%
Venezuela
40%
Trinidad och Tobago
20%
No matching quizzes found
Score Distribution
Percent of People with Each Score
Percentile by Number Answered
Your Score History
You have not taken this quiz